| 000 | 00505cam a22001812 4500 | ||
|---|---|---|---|
| 001 | 0000008771 | ||
| 005 | 20151217160117.0 | ||
| 008 | 080529s xx 000 0 eng d | ||
| 020 |
_a0333639324 : _cKES 146.25 |
||
| 040 |
_aKABU _cKABU |
||
| 100 | 1 |
_aChristian, Carol. _@0000159470 |
|
| 245 | 1 | 0 |
_aJonah / _cretold by Carol Christian. |
| 260 |
_aOxford : _bMacmillan Education, _c1996. |
||
| 300 | _a39 p. | ||
| 908 | _a080529 | ||
| 950 | _@1 | ||
| 999 |
_c14409 _d14409 |
||